[Event "Tilburg"]
[Site "Tilburg"]
[Date "1981.??.??"]
[Round "?"]
[White "Larsen, Bent"]
[Black "Huebner, Robert"]
[Result "0-1"]
[WhiteElo "2610"]
[BlackElo "2640"]

1.c4 e5 2.g3 Nf6 3.Bg2 c6 4.d4 exd4 5.Qxd4 d5 6.Nf3 dxc4 7.Qxc4 Be7 8.O-O O-O
9.Qc2 Na6 10.a3 Qa5 11.Nc3 Qh5 12.Bf4 Nc5 13.Rfe1 Bh3 14.Bxh3 Qxh3 15.Ng5 Qh5
16.Kg2 h6 17.Nf3 Ne6 18.Bd2 Rfd8 19.h3 c5 20.Ne4 Qd5 21.Nxf6+ Bxf6 22.Bc3 Bxc3
23.Qxc3 Rd6 24.b4 Rc8 25.bxc5 Rxc5 26.Qe3 b6 27.Rac1 Kf8 28.h4 Qc6 29.Kh2 Qc7
30.Ne5 Rd8 31.Nd3 Rxc1 32.Rxc1 Qd6 33.Ne5 Qd4 34.Qxd4 Rxd4 35.Nd3 Ke7 36.Kg2 Kd6
37.f4 Kd5 38.Ne5 f6 39.Nf3 Ra4 40.Rd1+ Kc6 41.f5 Nc5 42.Rd8 a5 43.Rg8 Rxa3
44.Rxg7 Ne4 45.g4 Re3 46.Kf1 a4 47.Ra7 b5 48.Ke1 Kb6 49.Ra8 Ra3 50.Kd1 b4
51.Rb8+ Kc5 52.Rc8+ Kd6 53.Kc1 b3 54.g5 Ra1+ 55.Kb2 Ra2+ 56.Kb1 fxg5 57.hxg5 hxg5
58.Rc4 Rxe2  0-1

[Event "Tilburg"]
[Site "Tilburg"]
[Date "1981.??.??"]
[Round "?"]
[White "Larsen, Bent"]
[Black "Miles, Anthony J"]
[Result "1-0"]
[WhiteElo "2610"]
[BlackElo "2565"]

1.Nf3 Nf6 2.c4 b6 3.Nc3 Bb7 4.d4 e6 5.a3 d5 6.cxd5 Nxd5 7.Qc2 c5 8.Bg5 Be7
9.Bxe7 Qxe7 10.Nxd5 exd5 11.dxc5 bxc5 12.e3 O-O 13.Bd3 g6 14.O-O a5 15.Rfe1 Nd7
16.e4 d4 17.Rac1 Rfc8 18.Qd2 a4 19.h4 Ne5 20.Nxe5 Qxe5 21.Qe2 Rc6 22.Rc4 Kg7
23.Qd2 Ba6 24.Rxa4 c4 25.Rc1 Rac8 26.Rxa6 Rxa6 27.Rxc4 Rxc4 28.Bxc4 Rb6 29.Bd3 Qc5
30.f4 Rb3 31.f5 h6 32.fxg6 fxg6 33.a4 Rb4 34.e5 Qe7 35.a5 Ra4 36.Qe1 Qe6
37.a6 h5 38.b4 Qg4 39.b5 Ra2 40.Qf1  1-0

[Event "Tilburg"]
[Site "Tilburg"]
[Date "1981.??.??"]
[Round "?"]
[White "Larsen, Bent"]
[Black "Portisch, Lajos"]
[Result "0-1"]
[WhiteElo "2610"]
[BlackElo "2620"]

1.e4 c5 2.Nf3 d6 3.d4 cxd4 4.Nxd4 Nf6 5.Nc3 a6 6.Be2 e5 7.Nb3 Be7 8.O-O O-O
9.Bg5 Be6 10.Qd3 Nbd7 11.Rad1 Rc8 12.f4 h6 13.Bxf6 Nxf6 14.f5 Bc4 15.Qf3 b5
16.Bd3 b4 17.Nd5 Nxd5 18.exd5 Bg5 19.Rfe1 a5 20.Kh1 a4 21.Nc1 Rc5 22.Bxc4 Rxc4
23.Nd3 Qb6 24.Re4 Rfc8 25.Rde1 a3 26.b3 Rxc2 27.Rxb4 Qa5 28.Ra4 Qc3 29.h4 Bd2
30.Ree4 Qa1+ 31.Kh2 R2c3 32.f6 g6 33.h5 g5 34.Qf5 Qd1 35.Rxa3 Qxh5+ 36.Kg1 Bf4
37.b4 Qh2+ 38.Kf1 Qh1+ 39.Kf2 Rc2+ 40.Re2 Rxe2+ 41.Kxe2 Rc2+  0-1

[Event "Tilburg"]
[Site "Tilburg"]
[Date "1981.??.??"]
[Round "?"]
[White "Timman, Jan H"]
[Black "Spassky, Boris V"]
[Result "1-0"]
[WhiteElo "2630"]
[BlackElo "2630"]

1.e4 d6 2.d4 Nf6 3.Nc3 g6 4.f4 Bg7 5.Nf3 c5 6.Bb5+ Bd7 7.e5 Ng4 8.e6 Bxb5
9.exf7+ Kd7 10.Nxb5 Qa5+ 11.Nc3 cxd4 12.Nxd4 Bxd4 13.Qxd4 Nc6 14.Qc4 Rhf8
15.Bd2 Qf5 16.h3 Nf6 17.O-O-O Qe6 18.Qd3 Qxf7 19.Rhe1 Rad8 20.Kb1 Kc8 21.g4 Kb8
22.Ne4 Nxe4 23.Rxe4 e5 24.Ra4 h5 25.b3 hxg4 26.hxg4 Qe6 27.Re1 Rh8 28.Bc3 Rhe8
29.fxe5 dxe5 30.Qe3 Rd5 31.Re4 Qd7 32.Kb2 b6 33.Rf1 Rd6 34.Qg5 Qe7 35.Qe3 Kb7
36.Rh1 Rf6 37.Rh6 Qf7 38.Qg5 Rfe6 39.a4 a5 40.Rh3 R6e7 41.Rd3 Re6 42.Qd2 R8e7
43.Rd5 Qe8 44.Qe3 Nd4 45.Qd3 Qc6 46.Rd8 Qc7 47.Rf8 Nc6 48.Qf3 Qd7 49.Qg2 Ka7
50.Rf2 Rd6 51.Rc4 Qb7 52.Re2 Ree6 53.Qe4 Rd7 54.Qe3 Rf7 55.Re4 Rfe7 56.Qd3 Qd7
57.Qb5 Kb7 58.R2e3 Rd6 59.Qe2 Rde6 60.Qc4 Qd8 61.Be1 Qd7 62.Bg3 Qc8 63.Rc3 Qd7
64.Rce3 Qc8 65.Qc3 Qd7 66.Qe1 Nb4 67.Rc3 Qd5 68.Qe2 Nc6 69.Bf2 Nd4 70.Qd3 Rd7
71.Rc4 Nc6 72.Qe3 Nb4 73.Bg3 Nc6 74.Bf2 Nd4 75.Qd3 Nc6 76.Qf3 Nd8 77.Qe3 Nf7
78.b4 Qd2 79.bxa5 Qxa5 80.Rb4 Rdd6 81.Rb5 Qd2 82.a5 Qxe3 83.Bxe3 Ka6 84.Rxb6+ Kxa5
85.Rb3 Rd1 86.Bf2  1-0

[Event "Tilburg"]
[Site "Tilburg"]
[Date "1981.??.??"]
[Round "?"]
[White "Timman, Jan H"]
[Black "Petrosian, Tigran V"]
[Result "1/2-1/2"]
[WhiteElo "2630"]
[BlackElo "2585"]

1.e4 e6 2.d4 d5 3.Nc3 Bb4 4.e5 b6 5.Bd2 Qd7 6.Nf3 Bf8 7.Be2 Ba6 8.O-O c5
9.dxc5 bxc5 10.b3 Ne7 11.Na4 Ng6 12.Bxa6 Nxa6 13.c4 dxc4 14.bxc4 Be7 15.Rb1 O-O
16.Qc2 Qc6 17.a3 Nb8 18.Nb2 Nd7 19.Nd3 Rab8 20.Rfe1 h6 21.Be3 Rb6 22.Rbd1 Rfb8
23.Bc1 Ra6 24.Re3 Nb6 25.Nb2 Na4 26.Nxa4 Qxa4 27.Qxa4 Rxa4 28.Rc3 Rd8 29.Re1 Kf8
30.g3 Ke8 31.Kg2  1/2-1/2

[Event "Tilburg"]
[Site "Tilburg"]
[Date "1981.??.??"]
[Round "?"]
[White "Timman, Jan H"]
[Black "Ljubojevic, Ljubomir"]
[Result "1/2-1/2"]
[WhiteElo "2630"]
[BlackElo "2590"]

1.Nf3 c5 2.c4 Nf6 3.Nc3 e6 4.e3 Nc6 5.d4 d5 6.cxd5 exd5 7.Bb5 Bd6 8.dxc5 Bxc5
9.O-O O-O 10.b3 Qd6 11.Na4 Bb4 12.Bb2 Ne4 13.a3 Ba5 14.b4 Bc7 15.Bxc6 bxc6
16.Be5 Qe7 17.Bxc7 Qxc7 18.Qd4 Re8 19.Rfc1 Qd6 20.Nc5 Qg6 21.Nd3 Qd6 22.Nfe5 Bb7
23.Rab1 Re7 24.Nf3 Ba6 25.Nc5 Bc4 26.Nxe4 Rxe4 27.Qc5 Qxc5 28.bxc5 Bd3 29.Rb3 Rc4
30.Rbc3 Rb8  1/2-1/2

[Event "Tilburg"]
[Site "Tilburg"]
[Date "1981.??.??"]
[Round "?"]
[White "Ljubojevic, Ljubomir"]
[Black "Larsen, Bent"]
[Result "1-0"]
[WhiteElo "2590"]
[BlackElo "2610"]

1.e4 c6 2.d3 g6 3.d4 Bg7 4.c3 Nf6 5.Nd2 d6 6.Ngf3 O-O 7.Be2 Nbd7 8.O-O e5
9.dxe5 Nxe5 10.Nxe5 dxe5 11.Qc2 Qe7 12.a4 Rd8 13.Nc4 Ne8 14.Be3 b6 15.a5 b5
16.Nd2 Nc7 17.Nb3 Ne6 18.Rfd1 Bd7 19.Bg4 Bf8 20.Bxe6 Bxe6 21.Nc5 Bc8 22.b4 Rxd1+
23.Rxd1 Be6 24.Qd3 a6 25.h3 Qe8 26.Nd7 Be7 27.Nxe5 Rd8 28.Qc2 Rxd1+ 29.Qxd1 f6
30.Nf3 Qc8 31.Qd4 h5 32.e5 Qd8 33.Qe4 Kf7 34.exf6 Bxf6 35.Qxc6 Qc8 36.Qd6 Qxc3
37.Bc5 g5 38.Qf8+ Kg6 39.Qe8+ Bf7 40.Qe4+ Kg7 41.Be3 Qc4 42.Nxg5 Bxg5 43.Qxc4 bxc4
44.Bxg5 c3 45.Be3 Kf8 46.g4 Bd5 47.Kh2 h4 48.f4 Ke7 49.Kg1 Kd6 50.Kf2 Bc4
51.Bd4 c2 52.Bb2 Kd5 53.f5 Bb5 54.Ke3 Bf1 55.Kf4 Bxh3 56.Kg5 Bf1 57.Kxh4 Kd6
58.Kg5 Ke7 59.Kg6 Kf8 60.Kf6  1-0

[Event "Tilburg"]
[Site "Tilburg"]
[Date "1981.??.??"]
[Round "?"]
[White "Ljubojevic, Ljubomir"]
[Black "Petrosian, Tigran V"]
[Result "1/2-1/2"]
[WhiteElo "2590"]
[BlackElo "2585"]

1.e4 e5 2.Nf3 Nf6 3.Nxe5 d6 4.Nf3 Nxe4 5.d4 Be7 6.Bd3 d5 7.O-O Nc6 8.Re1 Bf5
9.Nbd2 Nxd2 10.Qxd2 Bxd3 11.Qxd3 O-O 12.Bf4 a6 13.Re2 Qd7 14.Rae1 Rae8 15.c3 Bd8
16.Rxe8 Rxe8 17.Rxe8+ Qxe8 18.Qf5  1/2-1/2

[Event "Tilburg"]
[Site "Tilburg"]
[Date "1981.??.??"]
[Round "?"]
[White "Ljubojevic, Ljubomir"]
[Black "Sosonko, Gennadi"]
[Result "1/2-1/2"]
[WhiteElo "2590"]
[BlackElo "2585"]

1.e4 c5 2.Nc3 Nc6 3.g3 g6 4.Bg2 Bg7 5.d3 d6 6.Be3 Rb8 7.Qd2 b5 8.Nge2 b4
9.Nd1 Nd4 10.O-O e6 11.Nc1 Ne7 12.c3 bxc3 13.bxc3 Ndc6 14.Bh6 O-O 15.Bxg7 Kxg7
16.Ne3 Qb6 17.Nb3 Ba6 18.Rfd1 Rfc8 19.Qb2 e5 20.Qa3 Bb5 21.Bf1 Qa6 22.Qxa6 Bxa6
23.f4  1/2-1/2

[Event "Tilburg"]
[Site "Tilburg"]
[Date "1981.??.??"]
[Round "?"]
[White "Petrosian, Tigran V"]
[Black "Larsen, Bent"]
[Result "1/2-1/2"]
[WhiteElo "2585"]
[BlackElo "2610"]

1.d4 Nf6 2.c4 e6 3.Nc3 Bb4 4.Qc2 c5 5.dxc5 O-O 6.a3 Bxc5 7.Nf3 b6 8.Bg5 Bb7
9.e3 Be7 10.Bd3 h6 11.Bxf6 Bxf6 12.O-O Nc6 13.Ne4 Be7 14.Rfd1 Qc7 15.Rac1 Rac8
16.Qe2 Na5 17.Ned2 d5 18.b4 Nxc4 19.Nxc4 dxc4 20.Rxc4 Qb8 21.h3 Bf6 22.a4 Rxc4
23.Bxc4 Rd8 24.Rxd8+ Qxd8 25.Qc2 Qd6 26.Qb3 g5 27.b5 Kg7 28.Qc2 Qb4 29.Nd2 Qc3
30.Qd1 Qa1 31.Qxa1 Bxa1 32.Be2 Kf6 33.Nc4 Be5 34.f3 Bg3 35.Bd3 Bd5 36.Kf1 h5
37.Nd2 Ke7 38.Ke2 h4 39.Bc4 Bb7 40.Bd3 f5 41.e4 Bc8 42.Nc4 Kf6 43.Bc2 Bf4
44.Kf2 Bd7 45.Bd3 Be8 46.Kf1 Bh5 47.Kf2 g4 48.fxg4 fxg4 49.hxg4 Bxg4 50.Be2 Bg3+
51.Ke3 h3 52.gxh3 Bxh3 53.a5 bxa5 54.Nxa5 Bc7 55.Nc4 e5 56.Kf3 Ke7 57.Ne3 Bc8
58.Nf5+ Kd7 59.Ke3 Bb6+ 60.Kd3 Kc7 61.Ne7 Be6 62.Nd5+ Kd6 63.Kc4 Bf2 64.Kb4 Be1+
65.Kc4 Ba5 66.Bd1 Bh3 67.Ne3 Be6+ 68.Nd5 Bb6 69.Be2 Bh3 70.Nb4 Bg2 71.Bd3 Bf3
72.Nd5 Ke6  1/2-1/2

[Event "Tilburg"]
[Site "Tilburg"]
[Date "1981.??.??"]
[Round "?"]
[White "Portisch, Lajos"]
[Black "Spassky, Boris V"]
[Result "1/2-1/2"]
[WhiteElo "2620"]
[BlackElo "2630"]

1.d4 Nf6 2.c4 g6 3.Nf3 Bg7 4.g3 O-O 5.Bg2 d6 6.Nc3 Nc6 7.O-O Bd7 8.d5 Na5
9.Nd2 c6 10.dxc6 Bxc6 11.e4 Rc8 12.a4 Qb6 13.Ra3 e6 14.Na2 Bd7 15.Rd3 Nxc4
16.Nxc4 Rxc4 17.Rxd6 Bxa4 18.Rxb6 Bxd1 19.Rxb7 Bc2 20.f3 a5  1/2-1/2

[Event "Tilburg"]
[Site "Tilburg"]
[Date "1981.??.??"]
[Round "?"]
[White "Spassky, Boris V"]
[Black "Andersson, Ulf"]
[Result "1/2-1/2"]
[WhiteElo "2630"]
[BlackElo "2600"]

1.d4 Nf6 2.c4 e6 3.Nf3 b6 4.Nc3 Bb7 5.Bg5 Be7 6.e3 h6 7.Bh4 c5 8.Be2 O-O
9.O-O Ne4 10.Nxe4 Bxe4 11.Bxe7 Qxe7 12.Qd2 cxd4 13.Nxd4 Rd8 14.Rfd1 Nc6 15.Rac1 Rac8
16.Bf3 Bxf3 17.Nxf3 d5 18.Qe2 dxc4 19.Qxc4  1/2-1/2

[Event "Tilburg"]
[Site "Tilburg"]
[Date "1981.??.??"]
[Round "?"]
[White "Spassky, Boris V"]
[Black "Beliavsky, Alexander G"]
[Result "1/2-1/2"]
[WhiteElo "2630"]
[BlackElo "2615"]

1.e4 e5 2.Nf3 Nc6 3.Bb5 a6 4.Ba4 Nf6 5.O-O Be7 6.Nc3 b5 7.Bb3 d6 8.Nd5 O-O
9.d3 Na5 10.Nxe7+ Qxe7 11.Bg5 h6 12.Bxf6 Qxf6 13.Nd2 Bd7 14.f3 Nxb3 15.axb3 a5
16.Qe2 a4 17.bxa4 bxa4 18.b3 axb3 19.Nxb3 Ba4 20.Ra3 Bxb3 21.Rxb3 Rfb8 22.Rxb8+ Rxb8
23.Qd2 Qg5 24.f4 exf4 25.Qxf4 Qxf4 26.Rxf4  1/2-1/2

[Event "Tilburg"]
[Site "Tilburg"]
[Date "1981.??.??"]
[Round "?"]
[White "Spassky, Boris V"]
[Black "Sosonko, Gennadi"]
[Result "1/2-1/2"]
[WhiteElo "2630"]
[BlackElo "2585"]

1.e4 c5 2.Nf3 Nc6 3.d4 cxd4 4.Nxd4 g6 5.c4 Nf6 6.Nc3 d6 7.Be2 Nxd4 8.Qxd4 Bg7
9.Be3 O-O 10.Qd2 Qa5 11.Rc1 Be6 12.f3 Rfc8 13.b3 a6 14.Na4 Qxd2+ 15.Kxd2 Nd7
16.Nc3 Nf6 17.Nd5 Nxd5 18.cxd5 Bd7 19.Rxc8+ Rxc8 20.Rc1 Rxc1 21.Kxc1 f5  1/2-1/2

[Event "Tilburg"]
[Site "Tilburg"]
[Date "1981.??.??"]
[Round "?"]
[White "Huebner, Robert"]
[Black "Petrosian, Tigran V"]
[Result "1/2-1/2"]
[WhiteElo "2640"]
[BlackElo "2585"]

1.e4 e5 2.Nf3 Nf6 3.Nxe5 d6 4.Nf3 Nxe4 5.d4 Bg4 6.Bd3 Nf6 7.O-O Be7 8.Nbd2 O-O
9.Re1 Re8 10.Nf1 Bf8 11.Rxe8 Qxe8 12.Bg5 Nbd7 13.Ng3 g6 14.h3 Be6 15.Qd2 Bg7
16.Bh6 Nf8 17.Bxg7 Kxg7 18.Ng5 h6 19.Nxe6+ Qxe6 20.Qa5 c6  1/2-1/2

[Event "Tilburg"]
[Site "Tilburg"]
[Date "1981.??.??"]
[Round "?"]
[White "Huebner, Robert"]
[Black "Miles, Anthony J"]
[Result "1/2-1/2"]
[WhiteElo "2640"]
[BlackElo "2565"]

1.d4 Nf6 2.c4 e6 3.Nc3 Bb4 4.Qc2 c5 5.dxc5 O-O 6.Bf4 Bxc5 7.Nf3 b6 8.e3 Bb7
9.a3 Be7 10.Rd1 a6 11.Be2 d6 12.h3 Qc7 13.O-O Rd8 14.e4 Nbd7 15.Rfe1 Rac8  1/2-1/2

[Event "Tilburg"]
[Site "Tilburg"]
[Date "1981.??.??"]
[Round "?"]
[White "Beliavsky, Alexander G"]
[Black "Huebner, Robert"]
[Result "1-0"]
[WhiteElo "2615"]
[BlackElo "2640"]

1.e4 c5 2.Nf3 d6 3.d4 cxd4 4.Nxd4 Nf6 5.Nc3 a6 6.Bg5 e6 7.f4 Qb6 8.Qd2 Qxb2
9.Rb1 Qa3 10.f5 Nc6 11.fxe6 fxe6 12.Nxc6 bxc6 13.e5 dxe5 14.Bxf6 gxf6 15.Ne4 Be7
16.Be2 h5 17.Rb3 Qa4 18.Nxf6+ Bxf6 19.c4 Bh4+ 20.g3 Be7 21.O-O Ra7 22.Rb8 Rc7
23.Qd3 Bc5+ 24.Kh1 Ke7 25.Qe4 Kd6 26.Rd1+ Qxd1+ 27.Bxd1 h4 28.Qd3+ Bd4 29.c5+ Kxc5
30.Qa3+ Kd5 31.Bb3+ Ke4 32.Bc4 Kf5 33.Qf3+ Kg5 34.gxh4+ Rxh4 35.Qg3+  1-0

[Event "Tilburg"]
[Site "Tilburg"]
[Date "1981.??.??"]
[Round "?"]
[White "Beliavsky, Alexander G"]
[Black "Andersson, Ulf"]
[Result "1/2-1/2"]
[WhiteElo "2615"]
[BlackElo "2600"]

1.e4 c6 2.c4 d5 3.exd5 cxd5 4.cxd5 Nf6 5.Nc3 Nxd5 6.Nf3 e6 7.d4 Bb4 8.Bd2 O-O
9.Bd3 Nf6 10.a3 Be7 11.Bg5 Bd7 12.Bc2 Bc6 13.O-O Nbd7 14.Qd3 Rc8 15.Rfe1 Re8
16.Rad1 g6 17.h4 Qb6 18.Bc1 Bf8 19.Ne5 Nxe5 20.dxe5 Ng4 21.Qd4 Qxd4 22.Rxd4 h5
23.Bg5 Bg7 24.Bf4 Red8 25.Rxd8+ Rxd8 26.f3 Nh6 27.Be4 Bxe4 28.Nxe4 Nf5 29.Bg5 Rd3
30.Nf6+ Bxf6 31.exf6 Nd4 32.Kf2 Kf8 33.Rc1 Nc6 34.b4 a6 35.a4 Rb3 36.Bf4 Ke8
37.Bd6 e5 38.Bc5 Kd7 39.Rd1+ Ke6 40.Rd6+ Kf5 41.Kg1 e4 42.Rd5+ Kxf6 43.fxe4 Nxb4
44.Rd6+ Ke5 45.Rb6 a5 46.Rxb7 Kxe4 47.Rxf7 Nd3 48.Bd6 Rb6 49.Re7+ Kd5 50.Bg3 Rb4
51.Rg7 Rxa4 52.Rxg6 Rg4 53.Rxg4 hxg4 54.h5 Ke6 55.Kf1 Kf5 56.Ke2 Nc5 57.Bh4  1/2-1/2

[Event "Tilburg"]
[Site "Tilburg"]
[Date "1981.??.??"]
[Round "?"]
[White "Andersson, Ulf"]
[Black "Ljubojevic, Ljubomir"]
[Result "1/2-1/2"]
[WhiteElo "2600"]
[BlackElo "2590"]

1.Nf3 c5 2.c4 g6 3.Nc3 Bg7 4.d4 cxd4 5.Nxd4 Nc6 6.e3 Nh6 7.Bd3 d6 8.O-O O-O
9.Bd2 Bg4 10.Be2 Bd7 11.Nc2 Rc8 12.Rc1 a6 13.b3 Nf5 14.Nd5 e6 15.Nc3 Ne5
16.Nd4 Qh4 17.f4 Nxd4 18.exd4 Nc6 19.Be3  1/2-1/2

[Event "Tilburg"]
[Site "Tilburg"]
[Date "1981.??.??"]
[Round "?"]
[White "Andersson, Ulf"]
[Black "Huebner, Robert"]
[Result "1/2-1/2"]
[WhiteElo "2600"]
[BlackElo "2640"]

1.Nf3 d5 2.d4 Nf6 3.c4 dxc4 4.Qa4+ Nbd7 5.g3 e6 6.Bg2 a6 7.Nc3 Be7 8.Ne5 Rb8
9.Nxd7 Qxd7 10.Qxc4 b5 11.Qd3 Bb7 12.Bxb7 Rxb7 13.Qf3 Rb6 14.O-O Qc6 15.Qxc6+ Rxc6
16.Bg5 Rc4 17.e3 c5 18.Bxf6 gxf6 19.dxc5 O-O 20.Rac1 Rd8 21.Nb1 Rxc5 22.Rxc5 Bxc5
23.Rc1 Bb4 24.Kf1 f5 25.Ke2 Rd6 26.Rc2 Kf8 27.a3 Ba5 28.b4 Bd8 29.Nd2 Bf6
30.g4 Kg7 31.gxf5 exf5 32.f4 Kg6 33.Nf1 a5 34.Rc5 axb4 35.axb4 Rb6 36.Rc7 h5
37.Nd2 Ra6 38.Rc5 Ra2 39.Kd3 Ra3+ 40.Ke2 Ra2 41.Kd3  1/2-1/2

[Event "Tilburg"]
[Site "Tilburg"]
[Date "1981.??.??"]
[Round "?"]
[White "Miles, Anthony J"]
[Black "Sosonko, Gennadi"]
[Result "1/2-1/2"]
[WhiteElo "2565"]
[BlackElo "2585"]

1.g3 c5 2.Bg2 Nc6 3.Nf3 g6 4.c3 Bg7 5.d4 cxd4 6.cxd4 d5 7.Nc3 e6 8.Bf4 Nge7
9.Qd2 Nf5 10.Nb5 O-O 11.g4 Nfe7 12.h3 Bd7 13.O-O a6 14.Nc3 Rc8 15.Rfc1 Na7
16.a4 Nac6 17.Rab1 Na5 18.b3 Re8 19.Bd6 Nec6 20.e4 dxe4 21.Nxe4 Ne7 22.Nc5 Bc6
23.Be5 Bxf3 24.Bxg7 Kxg7 25.Bxf3 b6 26.Nxa6  1/2-1/2

[Event "Tilburg"]
[Site "Tilburg"]
[Date "1981.??.??"]
[Round "?"]
[White "Miles, Anthony J"]
[Black "Ljubojevic, Ljubomir"]
[Result "1/2-1/2"]
[WhiteElo "2565"]
[BlackElo "2590"]

1.d4 d5 2.c4 e6 3.Nc3 c6 4.cxd5 exd5 5.Bf4 Bd6 6.Bg3 Ne7 7.e3 Nf5 8.Bxd6 Nxd6
9.Nge2 O-O 10.Nf4 Re8 11.Be2 Bf5 12.b4 a6 13.a4 Nd7 14.a5 Nf8 15.Na4 Ne6
16.Nxe6 Rxe6 17.Nc5 Rh6 18.Bd3 Qg5 19.Qf3 Re8 20.O-O Be4 21.Qg3 Qd8 22.Bxe4 Nxe4
23.Qg4 Qb8 24.g3 Rg6 25.Qe2 Qc8  1/2-1/2